| 000 | 00000nam##2200000za#4500 |
| 001 | 9.570187 |
| 003 | CaOODSP |
| 005 | 20210624182124 |
| 007 | cr ||||||||||| |
| 008 | 150406|2007||||xxc|||||o f|0| 0 eng|d |
| 040 | |aCaOODSP|beng |
| 043 | |an-cn--- |
| 086 | 1 |aNM95-57/9-4-2007E-PDF |
| 110 | 1 |aCanada.|bCanadian Heritage. |bCanadian Conservation Institute. |
| 245 | 10|aBasic care of coins, medals, and medallic art / |h[electronic resource]|cby Tom Stone. |
| 250 | |aRev. 2007 |
| 260 | |aOttawa - Ontario : |bCanadian Heritage. |cc2007. |
| 300 | |a6p. |
| 490 | 1 |aCCI Notes|v9/4 |
| 500 | |a"Originally published 1989. Revised 1997, 2007"--p. 6 of 6. The catalogue number (NM95-57/9-4-2007E) and ISSN (0714-6221) for the print edition have been incorrectly copied in this electronic publication. |
| 504 | |aBibliography. |
| 590 | |a11-21-Supp|b2011-09-30 |
| 720 | 1 |aStone, Tom |
| 775 | 08|tLe soin des pièces de monnaie et des médailles / |w(CaOODSP)9.600951 |
| 830 | #0|aCCI notes ;|v9/4|w(CaOODSP)9.506353 |
| 856 | 40|ahttp://publications.gc.ca|qPDF|s161 KB|uhttps://publications.gc.ca/collections/collection_2011/pc-ch/NM95-57-9-4-2007-eng.pdf|y9/4 |